№ 3 (20); Вопросы электротехнологии

Bibliografiske detaljer
Parent link:Вопросы электротехнологии: научно-технический журнал. № 3 (20).— , 2016-.— 2309-6020
Sprog:russisk
Udgivet: 2018
Online adgang:https://www.sstu.ru/upload/medialibrary/53a/VOPROSY-ELEKTROTEKHNOLOGII_03_20_2018-NOVYY.pdf
https://elibrary.ru/contents.asp?id=37101473
Format: MixedMaterials Electronisk Bog
KOHA link:https://koha.lib.tpu.ru/cgi-bin/koha/opac-detail.pl?biblionumber=586991

MARC

LEADER 00000nam2a2200000 4500
001 586991
005 20231101131430.0
035 |a (RuTPU)RU\TPU\prd\289583 
035 |a RU\TPU\prd\283107 
090 |a 586991 
100 |a 20220218a20169999k y0rusy50 ca 
101 0 |a rus 
102 |a RU 
181 0 |a i  
182 0 |a b 
200 0 |a № 3 (20)  |b Электронный ресурс 
203 |a Текст  |c электронный 
210 |d 2018 
461 1 |0 (RuTPU)RU\TPU\prd\280887  |x 2309-6020  |t Вопросы электротехнологии  |o научно-технический журнал  |v № 3 (20)  |d 2016- 
801 0 |a RU  |b 63413507  |c 20010227  |g PSBO 
801 1 |a RU  |b 63413507  |c 20170410 
801 2 |a RU  |b 63413507  |c 20221212  |g RCR 
856 4 0 |u https://www.sstu.ru/upload/medialibrary/53a/VOPROSY-ELEKTROTEKHNOLOGII_03_20_2018-NOVYY.pdf 
856 4 0 |u https://elibrary.ru/contents.asp?id=37101473 
942 |c BK